KHAFIFAH / (Record no. 202942)

MARC details
000 -LEADER
fixed length control field 00782nam a2200253 i 4500
003 - CONTROL NUMBER IDENTIFIER
control field OSt
005 - DATE AND TIME OF LATEST TRANSACTION
control field 20260204095930.0
008 - FIXED-LENGTH DATA ELEMENTS--GENERAL INFORMATION
fixed length control field 260204s2025 my gr 000 f may d
020 ## - INTERNATIONAL STANDARD BOOK NUMBER
International Standard Book Number 9789670082479
Terms of availability RM 32.00
Qualifying information paperback
040 ## - CATALOGING SOURCE
Original cataloging agency PPAK
Language of cataloging eng
Transcribing agency PPAK
Description conventions rda
082 04 - DEWEY DECIMAL CLASSIFICATION NUMBER
Edition number 23
Classification number 899.2333
090 00 - LOCALLY ASSIGNED LC-TYPE CALL NUMBER (OCLC); LOCAL CALL NUMBER (RLIN)
Classification number (OCLC) (R) ; Classification number, CALL (RLIN) (NR) 899.2333
Feature heading MIS
Feature heading G
100 0# - MAIN ENTRY--PERSONAL NAME
Personal name Misscatzie,
Relator term author.
245 10 - TITLE STATEMENT
Title KHAFIFAH /
Statement of responsibility, etc. MISSCATZIE ; Editor: Team Editorial AHA
264 #1 - PRODUCTION, PUBLICATION, DISTRIBUTION, MANUFACTURE, AND COPYRIGHT NOTICE
Place of production, publication, distribution, manufacture Puncak Alam, Selangor :
Name of producer, publisher, distributor, manufacturer AHA PUBLICATION,
Date of production, publication, distribution, manufacture, or copyright notice [2025]
300 ## - PHYSICAL DESCRIPTION
Extent 431 pages ;
Dimensions 18 cm
336 ## - CONTENT TYPE
Content type term text
Source rdacontent
337 ## - MEDIA TYPE
Media type term unmediated
Source rdamedia
338 ## - CARRIER TYPE
Carrier type term volume
Source rdacarrier
650 10 - SUBJECT ADDED ENTRY--TOPICAL TERM
Topical term or geographic name entry element Malay fiction
Topical term or geographic name entry element Malaysian fiction (Malay)
710 2# - ADDED ENTRY--CORPORATE NAME
Corporate name or jurisdiction name as entry element Team Editorial AHA,
Relator term editor.
942 ## - ADDED ENTRY ELEMENTS (KOHA)
Source of classification or shelving scheme Dewey Decimal Classification
Koha item type Book
Holdings
Withdrawn Not for loan Current library Shelving location Date acquired Total Checkouts Total Renewals Full call number Barcode Date last seen Date last checked out Koha item type Checked out
    Perpustakaan Alor Setar Pinjaman Dewasa 04/02/2026 1 1 899.2333 MIS A01901380 25/04/2026 26/03/2026 Book  
    Perpustakaan Awam Sungai Petani Pinjaman Dewasa 04/02/2026     899.2333 MIS A01901381 04/02/2026   Book  
    Perpustakaan Baling Pinjaman Dewasa 04/02/2026     899.2333 MIS A01901385 04/02/2026   Book  
    Perpustakaan Bandar Baharu Pinjaman Dewasa 04/02/2026     899.2333 MIS A01901386 04/02/2026   Book  
    Perpustakaan Jitra Pinjaman Dewasa 04/02/2026     899.2333 MIS A01901382 04/02/2026   Book  
    Perpustakaan Kuala Nerang Pinjaman Dewasa 04/02/2026     899.2333 MIS A01901390 04/02/2026   Book  
    Perpustakaan Kulim Pinjaman Dewasa 04/02/2026     899.2333 MIS A01901384 04/02/2026   Book  
    Perpustakaan Langkawi Pinjaman Dewasa 04/02/2026     899.2333 MIS A01901383 04/02/2026   Book  
    Perpustakaan Merbok Pinjaman Dewasa 04/02/2026 1 1 899.2333 MIS A01901387 14/04/2026 14/04/2026 Book 25/05/2026
    Perpustakaan Pendang Pinjaman Dewasa 04/02/2026     899.2333 MIS A01901391 04/02/2026   Book  
    Perpustakaan Sik Pinjaman Dewasa 04/02/2026     899.2333 MIS A01901389 04/02/2026   Book  
    Perpustakaan Yan Pinjaman Dewasa 04/02/2026     899.2333 MIS A01901388 04/02/2026   Book